[Event "TCh-CHN 2018"]
[Site "China CHN"]
[Date "2018.04.13"]
[Round "3.2"]
[Board "1"]
[White "Yu, Yangyi"]
[Black "Lin, Yi"]
[Result "1/2-1/2"]
[WhiteTitle "GM"]
[WhiteElo "2764"]
[BlackElo "2359"]
[WhiteTeam "Beijing Beiao team"]
[BlackTeam "Hangzhou Turbine Team"]
[WhiteFideId "8603820"]
[BlackFideId "8609659"]
[EventDate "2018.04.11"]

1. c4 g6 2. e4 e5 3. d4 Nf6 4. f3 exd4 5. Qxd4 Nc6 6. Qf2 Bg7 7. Nc3 O-O 8. Be3
d6 9. Nge2 Ne5 10. Nf4 b6 11. Qd2 c6 12. Be2 Qe7 13. Rd1 Rd8 14. h4 h5 15. O-O
Bb7 16. b4 Rac8 17. Rc1 d5 18. cxd5 Qxb4 19. Rfd1 cxd5 20. Ncxd5 Qxd2 21. Bxd2
Nxd5 22. Nxd5 Bxd5 23. exd5 Bf8 24. Kf1 f6 25. Ba6 Rxc1 26. Bxc1 Bc5 27. Bb2 Kg7
28. a4 Nf7 29. Bc1 Nd6 30. Bd3 Nf7 31. Bb1 Nd6 32. Bf4 Nc4 33. Ba2 Ne3+ 34. Bxe3
Bxe3 35. d6 Bf4 36. d7 Bg3 37. Rd4 Be5 38. Rd3 Bg3 39. f4 Bxf4 40. Ke2 Kf8 41.
Kf3 Be5 42. Bc4 Ke7 43. Bb5 f5 44. Rd5 Ke6 45. Rd1 Ke7 46. Bc6 Bf6 47. g3 Be5
48. Rd5 Bc7 49. Bb5 Rf8 50. Rd1 Rd8 51. Re1+ Kd6 52. Rc1 a6 53. Rd1+ Ke7 54. Bc6
Be5 55. Rd5 Bd6 56. Rd4 Rxd7 57. Bxd7 Kxd7 58. Rd3 Ke6 59. Rb3 Bc7 60. Rc3 Kd7
61. Ke2 b5 62. axb5 axb5 63. Re3 Bb6 64. Rb3 Bc7 65. Re3 Bb6 66. Ra3 Bc5 67. Ra8
Ke7 68. Rg8 Kf7 69. Rd8 Ke7 70. Rd5 Bd6 71. Rd3 b4 72. Re3+ Kf6 73. Rf3 Be5 74.
Re3 Bd6 75. Kf3 Be5 76. Ke2 Bd6 1/2-1/2

[Event "TCh-CHN 2018"]
[Site "China CHN"]
[Date "2018.04.13"]
[Round "3.2"]
[Board "2"]
[White "Li, Chao b"]
[Black "Xiang, Zeyu"]
[Result "1/2-1/2"]
[WhiteTitle "GM"]
[WhiteElo "2703"]
[BlackElo "2435"]
[WhiteTeam "Beijing Beiao team"]
[BlackTeam "Hangzhou Turbine Team"]
[WhiteFideId "8604436"]
[BlackFideId "8608547"]
[EventDate "2018.04.11"]

1. c4 e6 2. Nf3 d5 3. e3 Nf6 4. b3 Be7 5. Bb2 O-O 6. Nc3 b6 7. d4 Bb7 8. Bd3 c5
9. O-O Nc6 10. Rc1 Rc8 11. Re1 h6 12. cxd5 Nxd5 13. Nxd5 Qxd5 14. e4 Qd8 15.
dxc5 Bxc5 16. a3 Nd4 17. Bb1 Nxf3+ 18. Qxf3 Qg5 19. Qe2 Rfd8 20. Red1 a5 21. a4
Rxd1+ 22. Rxd1 Rd8 23. g3 Bc6 24. Bc2 Bb7 25. Kf1 Qe7 26. h4 Rxd1+ 27. Qxd1 Qd6
28. Qxd6 Bxd6 29. Ke2 e5 30. Bd3 Kf8 31. f3 Ke7 32. Bc1 Bc5 33. f4 f6 34. f5 Bc6
35. g4 Kd6 36. g5 hxg5 37. hxg5 fxg5 38. Bxg5 Be8 39. Bc4 Bh5+ 40. Kd3 Bf3 41.
Bd5 Kd7 42. Bh4 Kd6 43. Be1 Bg4 44. Bf7 Ke7 45. Bg8 Bh5 46. Bh4+ Kd6 47. Bd5 Bg4
48. Bf7 Bf3 49. Bg5 Bg4 50. Bc4 Bh5 51. Kc2 Bf3 52. Bd5 Bg4 53. Ba8 Bh5 54. Bd2
Bf7 55. Bb7 Bh5 56. Ba6 Bf3 57. Kd3 Bg2 58. Bb7 Bf1+ 59. Kc2 Be2 60. Bg5 Bh5 61.
Bd5 Bg4 62. f6 gxf6 63. Bxf6 Bd4 1/2-1/2

[Event "TCh-CHN 2018"]
[Site "China CHN"]
[Date "2018.04.13"]
[Round "3.2"]
[Board "3"]
[White "Fang, Yan"]
[Black "Zou, Chen"]
[Result "1/2-1/2"]
[WhiteTitle "IM"]
[BlackTitle "FM"]
[WhiteElo "2424"]
[BlackElo "2384"]
[WhiteTeam "Beijing Beiao team"]
[BlackTeam "Hangzhou Turbine Team"]
[WhiteFideId "8604746"]
[BlackFideId "8610959"]
[EventDate "2018.04.11"]

1. c4 Nf6 2. Nf3 e6 3. Nc3 d5 4. d4 Bb4 5. Bg5 h6 6. Bxf6 Qxf6 7. Qb3 c5 8. cxd5
exd5 9. e3 Nc6 10. dxc5 Be6 11. a3 d4 12. Bc4 Bxc4 13. Qxc4 Bxc3+ 14. bxc3 dxe3
15. fxe3 O-O 16. O-O Qe7 17. Nh4 Qxe3+ 18. Kh1 Rae8 19. Nf5 Qe2 20. Qxe2 Rxe2
21. Rab1 Rd8 22. Rxb7 Rdd2 23. Rg1 Rd5 24. Nd4 Nxd4 25. cxd4 Rxd4 26. c6 Rc4 27.
c7 Rec2 28. Rxa7 Rxc7 29. Rxc7 Rxc7 30. Ra1 Kf8 31. a4 Ke7 32. h3 Kd8 33. Kh2
Kc8 34. Kg3 Kb7 35. Rb1+ Ka6 36. Rb4 Ka5 37. Rg4 g6 38. Rf4 Re7 39. h4 Kb6 40.
Kf3 Kc5 41. g4 Rb7 42. h5 Ra7 43. hxg6 fxg6 44. Rf6 h5 45. Ke4 1/2-1/2

[Event "TCh-CHN 2018"]
[Site "China CHN"]
[Date "2018.04.13"]
[Round "3.2"]
[Board "4"]
[White "Zhao, Shengxin"]
[Black "Wang, Yu A."]
[Result "1/2-1/2"]
[WhiteTitle "WFM"]
[BlackTitle "IM"]
[WhiteElo "2133"]
[BlackElo "2303"]
[WhiteTeam "Hangzhou Turbine Team"]
[BlackTeam "Beijing Beiao team"]
[WhiteFideId "8608040"]
[BlackFideId "8601097"]
[EventDate "2018.04.11"]

1. Nf3 d5 2. e3 c5 3. d4 e6 4. c4 Nf6 5. Nc3 Nc6 6. cxd5 exd5 7. Be2 a6 8. a4
Bd6 9. dxc5 Bxc5 10. O-O O-O 11. b3 d4 12. exd4 Nxd4 13. Nxd4 Bxd4 14. Bb2 Be6
15. Bc4 Rc8 16. Bxe6 fxe6 17. Rc1 e5 18. b4 Kh8 19. Qe2 Qb6 20. Na2 Rxc1 21.
Bxc1 Nd5 22. a5 Qc6 23. Be3 Nf4 24. Bxf4 Rxf4 25. Qd2 h6 26. Nc1 Rf8 27. Ne2 Ba7
28. Ng3 e4 29. Qe2 Re8 30. Nf5 Qf6 31. Ne3 Qc3 32. Nd5 1/2-1/2

[Event "TCh-CHN 2018"]
[Site "China CHN"]
[Date "2018.04.13"]
[Round "3.2"]
[Board "5"]
[White "Zhou, Zirun"]
[Black "Wang, Jue"]
[Result "0-1"]
[BlackTitle "WGM"]
[WhiteElo "2152"]
[BlackElo "2367"]
[WhiteTeam "Hangzhou Turbine Team"]
[BlackTeam "Beijing Beiao team"]
[WhiteFideId "8610975"]
[BlackFideId "8604070"]
[EventDate "2018.04.11"]

1. d4 Nf6 2. c4 e6 3. Nf3 d5 4. Nc3 c5 5. cxd5 Nxd5 6. e4 Nxc3 7. bxc3 cxd4 8.
cxd4 Bb4+ 9. Bd2 Bxd2+ 10. Qxd2 O-O 11. Bc4 Nd7 12. O-O b6 13. a4 Bb7 14. Qf4
Rc8 15. Rfc1 Nf6 16. Bd3 Qe7 17. h3 h6 18. a5 Rxc1+ 19. Rxc1 Qa3 20. Rc7 Qxd3
21. Rxb7 bxa5 22. Rxa7 a4 23. Qe3 Qb1+ 24. Qe1 Rb8 25. Rxa4 Qxe1+ 26. Nxe1 Rb1
27. Kf1 Nxe4 28. f3 Nc3 29. Rc4 Nd5 30. Ke2 Nf4+ 31. Kd2 g5 32. Rc2 Kg7 33. Rc4
Kg6 34. Rc7 Rb4 35. Nc2 Rb3 36. g3 Nd5 37. Ra7 Rxf3 38. Ra3 Rf2+ 39. Kd3 Rh2 40.
Ne3 Nxe3 41. Kxe3 Rxh3 42. Kf3 Rh2 43. Rd3 h5 44. d5 exd5 45. Rxd5 g4+ 46. Ke3
Rg2 47. Kf4 Rf2+ 48. Ke4 Rf3 0-1

[Event "TCh-CHN 2018"]
[Site "China CHN"]
[Date "2018.04.13"]
[Round "3.3"]
[Board "1"]
[White "Wan, Yunguo"]
[Black "Andreikin, Dmitry"]
[Result "1/2-1/2"]
[WhiteTitle "GM"]
[BlackTitle "GM"]
[WhiteElo "2529"]
[BlackElo "2719"]
[WhiteTeam "Hebei sports lottery chess team"]
[BlackTeam "Chongqing Team"]
[WhiteFideId "8603189"]
[BlackFideId "4158814"]
[EventDate "2018.04.11"]

1. e4 g6 2. d4 Bg7 3. Nf3 c6 4. Nc3 d6 5. h3 Nf6 6. a4 O-O 7. a5 d5 8. Bd3 c5 9.
dxc5 dxe4 10. Nxe4 Nxe4 11. Bxe4 Na6 12. Qxd8 Rxd8 13. c6 bxc6 14. O-O Rb8 15.
Be3 c5 16. Rad1 Rf8 17. b3 Rb5 18. Bg5 Bf6 19. Bh6 Bg7 20. Bg5 Bf6 21. Bh6 Bg7 1/2-1/2

[Event "TCh-CHN 2018"]
[Site "China CHN"]
[Date "2018.04.13"]
[Round "3.3"]
[Board "2"]
[White "Peng, Hongchi"]
[Black "Zeng, Chongsheng"]
[Result "1/2-1/2"]
[BlackTitle "GM"]
[WhiteElo "2273"]
[BlackElo "2535"]
[WhiteTeam "Hebei sports lottery chess team"]
[BlackTeam "Chongqing Team"]
[WhiteFideId "8609047"]
[BlackFideId "8603847"]
[EventDate "2018.04.11"]

1. d4 d5 2. c4 e6 3. Nf3 c6 4. e3 Bd6 5. Nbd2 f5 6. b3 Nf6 7. Bb2 Ne4 8. Be2 O-O
9. O-O Nd7 10. Ne5 Nxe5 11. dxe5 Bb4 12. Nxe4 fxe4 13. Rc1 Qg5 14. Qd4 Be7 15.
f4 exf3 16. Rxf3 Rxf3 17. Bxf3 Bd8 18. Rf1 Bd7 19. cxd5 Bb6 20. Qc4 Bxe3+ 21.
Kh1 b5 22. Qd3 cxd5 23. Bxd5 Rd8 24. Be4 Bc6 25. Bxh7+ Kh8 26. Be4 Bxe4 27. Qxe4
Qf4 28. Qb1 Bf2 29. Rd1 Rf8 30. Qd3 b4 31. Rf1 Kg8 32. Qe2 Qh4 33. Qc4 Qxc4 34.
bxc4 Rd8 35. Bc1 Bc5 36. g3 a5 37. Kg2 a4 38. Re1 Rd4 39. Re2 Rxc4 40. Bg5 Bd4
41. Be7 b3 42. axb3 axb3 43. Ba3 Kf7 44. Kf3 Ra4 45. Bb2 Bxb2 46. Rxb2 Rb4 47.
h4 g5 48. hxg5 Kg6 49. Ke3 Kxg5 50. Kd2 Kf5 51. Kc3 Rg4 52. Rg2 Kxe5 53. Kxb3
Kd4 54. Kc2 Ke3 55. Kd1 e5 56. Re2+ Kd4 57. Rd2+ Ke4 58. Re2+ Kf5 59. Re3 Ra4
60. Ke2 e4 61. Rb3 1/2-1/2

[Event "TCh-CHN 2018"]
[Site "China CHN"]
[Date "2018.04.13"]
[Round "3.3"]
[Board "3"]
[White "Zhang, Ziji"]
[Black "Wang, Chen"]
[Result "1/2-1/2"]
[BlackTitle "IM"]
[WhiteElo "2393"]
[BlackElo "2468"]
[WhiteTeam "Hebei sports lottery chess team"]
[BlackTeam "Chongqing Team"]
[WhiteFideId "8609470"]
[BlackFideId "8601020"]
[EventDate "2018.04.11"]

1. d4 d5 2. c4 e6 3. Nc3 Nf6 4. Nf3 Nbd7 5. Bf4 dxc4 6. e3 b5 7. Nxb5 Bb4+ 8.
Nc3 Nd5 9. a3 Nxc3 10. Qd2 Ne2 11. axb4 Nxf4 12. exf4 Bb7 13. Be2 Nb6 14. O-O
O-O 15. Ne5 Qd6 16. Rac1 Rfd8 17. Rfd1 Rab8 18. Nxc4 Nxc4 19. Bxc4 Bc6 20. b3
Rxb4 21. Ra1 Bb5 22. Bxb5 Rxb5 23. Rxa7 g6 24. g3 Qb6 25. Qa2 Rxb3 26. Ra8 Rxa8
27. Qxa8+ Qb8 28. Qc6 Qb7 29. Rc1 Qxc6 30. Rxc6 Rb4 1/2-1/2

[Event "TCh-CHN 2018"]
[Site "China CHN"]
[Date "2018.04.13"]
[Round "3.3"]
[Board "4"]
[White "Tan, Zhongyi"]
[Black "Yang, Yijing"]
[Result "1-0"]
[WhiteTitle "GM"]
[BlackTitle "WCM"]
[WhiteElo "2513"]
[BlackElo "2035"]
[WhiteTeam "Chongqing Team"]
[BlackTeam "Hebei sports lottery chess team"]
[WhiteFideId "8603642"]
[BlackFideId "8608601"]
[EventDate "2018.04.11"]

1. d4 d5 2. Nf3 Nf6 3. c4 dxc4 4. e3 e6 5. Bxc4 a6 6. O-O c5 7. dxc5 Qxd1 8.
Rxd1 Bxc5 9. Nbd2 b6 10. Be2 Bb7 11. Nc4 Nc6 12. Nfd2 O-O-O 13. Nb3 Rxd1+ 14.
Bxd1 Rd8 15. Bd2 Ne4 16. Nxc5 bxc5 17. Be1 Nd6 18. Na5 Kb8 19. Ba4 Nb5 20. f3
Nxa5 21. Bxa5 Rd3 22. Kf2 c4 23. Ke2 Rd6 24. Rc1 Rc6 25. Kf2 Ka7 26. Bd1 f5 27.
Be2 Nd6 28. Rd1 Bc8 29. Rd4 e5 30. Rd1 Be6 31. Bc3 Nf7 32. e4 fxe4 33. fxe4 Kb6
34. Ke3 Kc7 35. Bb4 Kc8 36. Rf1 Kd7 37. Bh5 g6 38. Bg4 Nd8 39. Rd1+ Ke8 40. Bxe6
Rxe6 41. Rd5 Nc6 42. Bc3 Ke7 43. Rc5 Kd7 44. Rxc4 Kc7 45. Rc5 Kb6 46. Rd5 Re7
47. b4 Rf7 48. a3 Re7 49. h3 Re6 50. Kd3 Re7 51. Kc4 Kb7 52. a4 Rc7 53. Rc5 Rf7
54. b5 axb5+ 55. axb5 1-0

[Event "TCh-CHN 2018"]
[Site "China CHN"]
[Date "2018.04.13"]
[Round "3.3"]
[Board "5"]
[White "Lei, Tingjie"]
[Black "Zhai, Mo"]
[Result "1-0"]
[WhiteTitle "GM"]
[BlackTitle "WGM"]
[WhiteElo "2457"]
[BlackElo "2352"]
[WhiteTeam "Chongqing Team"]
[BlackTeam "Hebei sports lottery chess team"]
[WhiteFideId "8605114"]
[BlackFideId "8600201"]
[EventDate "2018.04.11"]

1. e4 e5 2. Nf3 Nf6 3. Nxe5 d6 4. Nf3 Nxe4 5. d4 d5 6. Bd3 Be7 7. O-O Nd6 8. c3
O-O 9. Re1 Re8 10. Bf4 Nd7 11. Nbd2 Nf8 12. Qb3 c6 13. h3 Ne6 14. Bh2 g6 15. c4
dxc4 16. Nxc4 Nb5 17. Nce5 Nbc7 18. Bc4 Nd5 19. Ng4 Kg7 20. Rad1 f6 21. Ne3 a5
22. Bxd5 a4 23. Qc4 cxd5 24. Qxd5 Bb4 25. Qxd8 Rxd8 26. Re2 a3 27. b3 Ra5 28. d5
Rc5 29. Bg3 Kf8 30. Nc2 Bc3 31. d6 Kf7 32. Nxa3 Bd7 33. Nc2 Bb5 34. Re3 f5 35.
b4 Rcc8 36. Rxe6 Kxe6 37. Nfd4+ Bxd4 38. Nxd4+ Kf6 39. Nxb5 Rc4 40. f4 Rd7 41.
a3 h6 42. Re1 g5 43. fxg5+ hxg5 44. Be5+ Ke6 45. Bd4+ Kf7 46. Re5 Kg6 47. Re7 1-0

[Event "TCh-CHN 2018"]
[Site "China CHN"]
[Date "2018.04.13"]
[Round "3.4"]
[Board "1"]
[White "Wang, Yue"]
[Black "Ni, Hua"]
[Result "1/2-1/2"]
[WhiteTitle "GM"]
[BlackTitle "GM"]
[WhiteElo "2683"]
[BlackElo "2683"]
[WhiteTeam "Tianjin Team"]
[BlackTeam "China Mobil Shanghai Chess Club"]
[WhiteFideId "8601429"]
[BlackFideId "8601160"]
[EventDate "2018.04.11"]

1. d4 d5 2. c4 c6 3. Nf3 Nf6 4. cxd5 cxd5 5. Nc3 Nc6 6. Bf4 Bf5 7. e3 e6 8. Bd3
Bxd3 9. Qxd3 Bd6 10. Bxd6 Qxd6 11. O-O O-O 12. Rac1 Rfc8 13. a3 a6 14. Na4 Na5
15. Ne5 b5 16. Nc5 Nc4 17. Nxc4 bxc4 18. Qe2 h6 19. e4 Nxe4 20. Nxe4 dxe4 21.
Rxc4 Rxc4 22. Qxc4 a5 23. b4 axb4 24. axb4 Rd8 25. b5 Qxd4 26. Qxd4 Rxd4 27. Rb1
Rd7 28. b6 Rb7 29. Kf1 Kf8 30. Ke2 Ke7 31. Ke3 1/2-1/2

[Event "TCh-CHN 2018"]
[Site "China CHN"]
[Date "2018.04.13"]
[Round "3.4"]
[Board "2"]
[White "Chu, Wei Chao"]
[Black "Harikrishna, Pentala"]
[Result "1/2-1/2"]
[WhiteTitle "IM"]
[BlackTitle "GM"]
[WhiteElo "2373"]
[BlackElo "2729"]
[WhiteTeam "Tianjin Team"]
[BlackTeam "China Mobil Shanghai Chess Club"]
[WhiteFideId "8605661"]
[BlackFideId "5007003"]
[EventDate "2018.04.11"]

1. d4 d5 2. c4 e6 3. Nf3 a6 4. cxd5 exd5 5. Nc3 Nf6 6. Bg5 Be6 7. e3 Nbd7 8. Be2
h6 9. Bh4 Bd6 10. O-O c6 11. Qc2 Qb8 12. Bg3 O-O 13. Nh4 Bxg3 14. hxg3 Re8 15.
Rae1 Qd6 16. Nf5 Bxf5 17. Qxf5 Nf8 18. a3 Re7 19. Rb1 Rae8 20. Rfc1 Ne6 21. b4
Ng5 22. Qc2 g6 23. a4 Kg7 24. Bf3 h5 25. Ne2 Nfe4 26. Bxe4 Nxe4 27. b5 axb5 28.
axb5 Nxf2 29. Kxf2 Rxe3 30. Nf4 h4 31. Kg1 hxg3 32. Rf1 R8e4 33. Qc5 Qxc5 34.
dxc5 g5 1/2-1/2

[Event "TCh-CHN 2018"]
[Site "China CHN"]
[Date "2018.04.13"]
[Round "3.4"]
[Board "4"]
[White "Ju, Wenjun"]
[Black "Xiao, Yiyi"]
[Result "1/2-1/2"]
[WhiteTitle "GM"]
[BlackTitle "WFM"]
[WhiteElo "2568"]
[BlackElo "2295"]
[WhiteTeam "China Mobil Shanghai Chess Club"]
[BlackTeam "Tianjin Team"]
[WhiteFideId "8603006"]
[BlackFideId "8606161"]
[EventDate "2018.04.11"]

1. d4 Nf6 2. Nf3 e6 3. Bf4 c5 4. e3 Nc6 5. Nbd2 d5 6. c3 Nh5 7. Bg5 Qb6 8. Rb1
h6 9. Bh4 g5 10. Ne5 Ng7 11. Nxc6 bxc6 12. Bg3 Nf5 13. Be5 Bg7 14. Bxg7 Nxg7 15.
Bd3 cxd4 16. cxd4 c5 17. dxc5 Qxc5 18. h4 Qe7 19. Qa4+ Bd7 20. Qd4 Kf8 21. hxg5
Qxg5 22. Nf3 Qe7 23. Qf4 h5 24. Ne5 Kg8 25. Rc1 Be8 26. Ng4 a5 27. a3 Rd8 28.
Rh3 f5 29. Ne5 h4 30. Nf3 Qf6 31. Qd4 Qxd4 32. exd4 Rb8 33. Rc2 Bh5 34. Ne5 Be8
35. Nf3 Bh5 36. Nxh4 Bg4 37. Rh2 f4 38. Nf3 Bxf3 39. Rxh8+ Kxh8 40. gxf3 Kg8 41.
Kd2 Kf7 42. b4 axb4 43. Rb2 e5 44. dxe5 Ke6 45. axb4 Kxe5 46. b5 Ne6 47. Kc3 Nc5
48. Rb4 Rb6 49. Be2 Ne6 50. Rb2 Kd6 51. Kb4 Nd4 52. Rd2 Ke5 53. Ra2 Kd6 54. Rd2
Ke5 55. Rb2 Kd6 56. Ra2 Rb8 57. Rd2 Ke5 58. Rb2 Kd6 59. Ra2 Rb6 60. Ra6 Kc7 61.
Ra7+ Kd6 62. Ra6 Kc7 63. Ra7+ Kd6 64. Ra2 Rb8 65. Rb2 1/2-1/2

[Event "TCh-CHN 2018"]
[Site "China CHN"]
[Date "2018.04.13"]
[Round "3.4"]
[Board "5"]
[White "Harika, Dronavalli"]
[Black "Chu, Ruotong"]
[Result "1-0"]
[WhiteTitle "GM"]
[BlackTitle "WIM"]
[WhiteElo "2498"]
[BlackElo "2261"]
[WhiteTeam "China Mobil Shanghai Chess Club"]
[BlackTeam "Tianjin Team"]
[WhiteFideId "5015197"]
[BlackFideId "8605653"]
[EventDate "2018.04.11"]

1. c4 g6 2. Nf3 Nf6 3. Nc3 d5 4. cxd5 Nxd5 5. h4 Bg7 6. e4 Nxc3 7. dxc3 Qxd1+ 8.
Kxd1 Nd7 9. h5 O-O 10. hxg6 hxg6 11. Kc2 Nc5 12. Ng5 Ne6 13. Bc4 Nxg5 14. Bxg5
Be6 15. Bxe6 fxe6 16. Raf1 Kf7 17. f4 Rh8 18. e5 Rxh1 19. Rxh1 Rh8 20. Rxh8 Bxh8
21. a4 Bg7 22. Kd3 Ke8 23. b4 Kd7 24. Bh4 Bf8 25. b5 c5 26. a5 b6 27. a6 Bh6 28.
Ke4 Bf8 29. Bf2 Kc7 30. Be3 Kc8 31. g4 Bh6 32. g5 Bf8 33. Kd3 Kc7 34. Kc4 Kc8
35. Bxc5 1-0

[Event "TCh-CHN 2018"]
[Site "China CHN"]
[Date "2018.04.13"]
[Round "3.5"]
[Board "1"]
[White "Lan, Zilun"]
[Black "Wen, Yang"]
[Result "1/2-1/2"]
[BlackTitle "GM"]
[WhiteElo "2333"]
[BlackElo "2604"]
[WhiteTeam "Zhejiang Chess Team"]
[BlackTeam "Shandong Jingzhi Team"]
[WhiteFideId "8604193"]
[BlackFideId "8602956"]
[EventDate "2018.04.11"]

1. d4 g6 2. e4 d6 3. Nf3 Bg7 4. h3 Nf6 5. Nc3 O-O 6. Be3 a6 7. a4 b6 8. Bc4 e6
9. Qd2 d5 10. exd5 exd5 11. Bb3 Nc6 12. Ne5 Na5 13. Ba2 Be6 14. Rd1 Qd6 15. O-O
Rfe8 16. Rfe1 Qf8 17. Bg5 Ne4 18. Nxe4 dxe4 19. d5 Bxh3 20. Nxf7 Qxf7 21. gxh3
Nb7 22. Qf4 Nd6 23. Qxf7+ Kxf7 24. c3 b5 25. Bf4 Be5 26. Be3 Kf6 27. Bd4 bxa4
28. Bxe5+ Kxe5 29. Rd4 Reb8 30. Re2 a3 31. bxa3 Rb5 32. f3 Rc5 33. Rd3 Rf8 34.
Rde3 Rf4 35. Kg2 Ra5 36. Bb1 Rxa3 37. Bxe4 Nc4 38. Rd3 Kd6 39. Kg3 Rf7 40. h4
Ne5 41. Rde3 Nc4 42. Rd3 Ra1 43. Rh2 Rg7 44. Rg2 Rf7 45. Rh2 Rg7 46. Rg2 Re7 47.
Kf4 Ne5 48. Rdd2 Rf7+ 49. Kg3 Nd7 50. Ra2 Rxa2 51. Rxa2 Nc5 52. Kg4 Re7 53. Kf4
Re8 54. Rh2 Re5 55. Ra2 Rh5 56. Kg4 Re5 57. Kf4 Re8 58. Rh2 Rf8+ 59. Ke3 Ke5 60.
Rg2 Rf6 61. Rg5+ Kd6 62. h5 gxh5 63. Rxh5 h6 64. Rh2 Ke5 65. Rh5+ Kd6 66. Rh2
Ke5 67. Rh5+ Kd6 68. Rh2 Ke5 69. Rh5+ 1/2-1/2

[Event "TCh-CHN 2018"]
[Site "China CHN"]
[Date "2018.04.13"]
[Round "3.5"]
[Board "2"]
[White "Xu, Minghui"]
[Black "Bu, Xiangzhi"]
[Result "1-0"]
[BlackTitle "GM"]
[WhiteElo "2313"]
[BlackElo "2726"]
[WhiteTeam "Zhejiang Chess Team"]
[BlackTeam "Shandong Jingzhi Team"]
[WhiteFideId "8606790"]
[BlackFideId "8601445"]
[EventDate "2018.04.11"]

1. Nf3 c5 2. c4 Nc6 3. Nc3 g6 4. e3 Nf6 5. d4 cxd4 6. exd4 d5 7. cxd5 Nxd5 8.
Qb3 Nxc3 9. Bc4 Nd5 10. Bxd5 e6 11. Bxc6+ bxc6 12. O-O Qd5 13. Be3 Bd6 14. Rfc1
f6 15. Nd2 Kf7 16. Qc2 Rb8 17. Ne4 Be7 18. Nc5 g5 19. Re1 h5 20. b3 h4 21. h3
Rb5 22. Rad1 Bd6 23. Qe2 Bc7 24. Rf1 g4 25. hxg4 h3 26. f4 Rh4 27. g5 hxg2 28.
Qxg2 Qf5 29. Rf3 Bxf4 30. Bxf4 Rxf4 31. Rg3 Qd5 32. g6+ 1-0

[Event "TCh-CHN 2018"]
[Site "China CHN"]
[Date "2018.04.13"]
[Round "3.5"]
[Board "3"]
[White "Lu, Shanglei"]
[Black "Zhao, Jun"]
[Result "1-0"]
[WhiteTitle "GM"]
[BlackTitle "GM"]
[WhiteElo "2636"]
[BlackElo "2607"]
[WhiteTeam "Zhejiang Chess Team"]
[BlackTeam "Shandong Jingzhi Team"]
[WhiteFideId "8603332"]
[BlackFideId "8602522"]
[EventDate "2018.04.11"]

1. e4 e5 2. Nf3 Nc6 3. Bb5 a6 4. Ba4 Nf6 5. O-O Be7 6. Re1 b5 7. Bb3 d6 8. c3
O-O 9. h3 Nb8 10. d4 Nbd7 11. c4 c6 12. a3 Bb7 13. Nc3 Re8 14. dxe5 Nxe5 15.
Nxe5 dxe5 16. Be3 Qxd1 17. Rexd1 Kf8 18. f3 Red8 19. Kf1 Ke8 20. Rac1 Rxd1+ 21.
Nxd1 Nd7 22. Nf2 Bc5 23. Ke2 Bxe3 24. Kxe3 Ke7 25. Nd3 f6 26. g3 Kd6 27. h4 c5
28. h5 Bc6 29. Ba2 bxc4 30. Bxc4 Bb5 31. h6 g6 32. b4 Rc8 33. a4 Bxc4 34. Rxc4
Rc7 35. a5 Rc8 36. f4 Rc6 37. bxc5+ Nxc5 38. Nb4 Rc7 39. Nd5 Rb7 40. Nxf6 Rb3+
41. Kf2 exf4 42. Ne8+ Ke7 43. Rxc5 fxg3+ 44. Kg2 Kxe8 45. Rc7 Re3 46. Rxh7 Kf8
47. Rh8+ Kf7 48. Ra8 1-0

[Event "TCh-CHN 2018"]
[Site "China CHN"]
[Date "2018.04.13"]
[Round "3.5"]
[Board "4"]
[White "Huang, Qian"]
[Black "Ding, Yixin"]
[Result "1/2-1/2"]
[WhiteTitle "WGM"]
[BlackTitle "WGM"]
[WhiteElo "2444"]
[BlackElo "2429"]
[WhiteTeam "Shandong Jingzhi Team"]
[BlackTeam "Zhejiang Chess Team"]
[WhiteFideId "8602689"]
[BlackFideId "8602972"]
[EventDate "2018.04.11"]

1. d4 d5 2. c4 e6 3. Nc3 Nf6 4. Nf3 c5 5. cxd5 Nxd5 6. e4 Nxc3 7. bxc3 cxd4 8.
cxd4 Bb4+ 9. Bd2 Bxd2+ 10. Qxd2 O-O 11. Bc4 Nd7 12. O-O b6 13. d5 Nf6 14. dxe6
Bxe6 15. Bxe6 Qxd2 16. Nxd2 fxe6 17. f3 Rfd8 18. Nb3 Rd7 19. Rfd1 Rad8 20. Rxd7
Rxd7 21. Rc1 Kf7 22. Kf2 e5 23. Ke2 Ke7 24. Rc6 Rd6 25. Rc7+ Rd7 26. Rc8 Rd8 27.
Rc7+ Rd7 28. Rc6 Rd6 29. Rc7+ Rd7 30. Rc6 Rd6 31. Rc7+ 1/2-1/2

[Event "TCh-CHN 2018"]
[Site "China CHN"]
[Date "2018.04.13"]
[Round "3.5"]
[Board "5"]
[White "Ning, Kaiyu"]
[Black "Zhu, Jiner"]
[Result "1/2-1/2"]
[BlackTitle "WIM"]
[WhiteElo "2217"]
[BlackElo "2379"]
[WhiteTeam "Shandong Jingzhi Team"]
[BlackTeam "Zhejiang Chess Team"]
[WhiteFideId "8614750"]
[BlackFideId "8608059"]
[EventDate "2018.04.11"]

1. d4 Nf6 2. Nf3 e6 3. Bf4 d5 4. e3 c5 5. c3 Nc6 6. Nbd2 Be7 7. Bd3 O-O 8. Ne5
Bd7 9. O-O a6 10. Qf3 Rc8 11. Qh3 g6 12. Ndf3 Ne4 13. Qh6 Be8 14. Nxc6 Rxc6 15.
Bxe4 dxe4 16. Be5 f6 17. Ng5 Rf7 18. Nxf7 Bxf7 19. Bg3 g5 20. dxc5 e5 21. Qh3
Qe8 22. f4 exf4 23. exf4 Bxc5+ 24. Kh1 Be6 25. Qh6 Bc4 26. Rfe1 g4 27. f5 Bd3
28. Qf4 h5 29. Rad1 Qf7 30. Rxe4 Bd6 31. Qe3 Bxe4 32. Qxe4 Bxg3 33. hxg3 Rc7 34.
Kg1 Kg7 35. Rd5 Re7 36. Qd4 Qe8 37. Rd6 Rf7 38. c4 Qe1+ 39. Kh2 Qb1 40. Qd5 h4
41. gxh4 Qe1 42. Rd7 Qxh4+ 43. Kg1 Qe1+ 44. Kh2 Qh4+ 45. Kg1 Qe1+ 1/2-1/2

[Event "TCh-CHN 2018"]
[Site "China CHN"]
[Date "2018.04.13"]
[Round "3.6"]
[Board "1"]
[White "Ma, Qun"]
[Black "Xu, Xiangyu"]
[Result "1-0"]
[WhiteTitle "GM"]
[BlackTitle "GM"]
[WhiteElo "2620"]
[BlackElo "2565"]
[WhiteTeam "Hangzhou Bank Team"]
[BlackTeam "Chengdu Beilei Youth Chess Club"]
[WhiteFideId "8603154"]
[BlackFideId "8608288"]
[EventDate "2018.04.11"]

1. e4 e5 2. Nf3 Nf6 3. Nxe5 d6 4. Nf3 Nxe4 5. d4 d5 6. Bd3 Nd6 7. O-O Be7 8. Bf4
O-O 9. Nbd2 Nd7 10. Re1 Re8 11. c3 Nf8 12. Qb3 c6 13. Re2 Ne6 14. Bg3 g6 15.
Rae1 Bf8 16. c4 dxc4 17. Nxc4 Nxc4 18. Bxc4 b5 19. Bd3 Bb7 20. Ne5 Qd5 21. Qxd5
cxd5 22. Nd7 Bg7 23. Nc5 Bc6 24. Nxe6 fxe6 25. Be5 Bxe5 26. Rxe5 Bd7 27. h4 Rf8
28. g3 Rac8 29. f4 Kg7 30. Kf2 a6 31. h5 Rc6 32. Rh1 Be8 33. h6+ Kf7 34. Rhe1
Bd7 35. g4 Rd6 36. Kg3 Kf6 37. Kh4 Rg8 38. Rf1 Kf7 39. Kg5 Ke7 40. Rc1 Bc6 41.
Re2 Kd7 42. Rec2 Kc7 43. Kf6 e5+ 44. Kf7 Rgd8 45. Rxc6+ Rxc6 46. Rxc6+ Kxc6 47.
fxe5 Rd7+ 48. Kg8 Re7 49. Bxg6 hxg6 50. h7 Re8+ 51. Kg7 Re7+ 52. Kxg6 Re8 53. g5
Kd7 54. Kg7 1-0